| 000 | 00941cgm a2200217 4500 | ||
|---|---|---|---|
| 001 | B3047 | ||
| 008 | 090401t1985 xxu||||| |||| 00| 0 eng d | ||
| 035 | _a(Sirsi) u53719 | ||
| 041 | _aeng | ||
| 050 | _a333.33 | ||
| 110 |
_aGreenoughM. _93427 |
||
| 245 | _aDevelopment opportunities (sound recording) | ||
| 260 |
_aLondon _bRoyal Institution of Chartered Surveyors _c1985 |
||
| 300 | _a1 sound cassette (60 min.) | ||
| 350 | _a10 | ||
| 490 | _aOwlion Audio Programme | ||
| 520 | _aPublished jointly with the College of Estate Management . How such striking creations come into being is not easy to appreciate and indeed could not materialise if it were not for people with the experience to recognise the possibilities of such opportunities. Active catalysts capable of bringing together organisations with funds to invest in such projects is also a requirement. | ||
| 650 | _aAUDIO CASSETTES | ||
| 942 | _n0 | ||
| 948 | _c04/03/1997 | ||
| 999 |
_c85270 _d85270 |
||